| 000 | 01910nam a2200421 c 4500 | ||
|---|---|---|---|
| 003 | BLK | ||
| 005 | 20180420222715.0 | ||
| 008 | 180408b bul|||||r ||||||| ||bul|| | ||
| 010 | _aKNG00061707000 | ||
| 020 |
_a0-7970-3212-6 _bиздат.: Служба за комуникации на Южна Африка |
||
| 040 | _aBLK | ||
| 041 |
_aBUL _cBUL |
||
| 080 |
_aСоциография. Социално положение. Условия на политическия и социалния живот. Социално и социално-икономическо положение на отделните страни, народи, раси. Социална география. (Общи въпроси) _b308 _x(6) _z308(6) |
||
| 139 |
_aТова е Южна Африка _bТ 62 |
||
| 245 | 1 | 0 |
_aТова е Южна Африка _bРезюме на годишника на Южна Африка 1995 г. |
| 257 | _aRSA | ||
| 260 |
_аПретория _bСлужба за комуникации на Южна Африка _c1996 _fКейптаун : CTP Book Print. |
||
| 300 |
_a139 с. _c18 см |
||
| 380 | _a3 | ||
| 500 | _aБез сведение за ориг. загл. | ||
| 650 | 4 |
_aАфрика - социално-икономическо положение _9270785 |
|
| 651 | 4 |
_aЮжна Африка _9287801 |
|
| 653 | _aЮжна Африка | ||
| 653 | _aистория | ||
| 653 | _aсоциално-икономическо развитие | ||
| 653 | _aполитика | ||
| 653 | _aпромишленост | ||
| 653 | _aздравеопазване | ||
| 653 | _aгеография | ||
| 653 | _aкултура | ||
| 653 | _aспорт | ||
| 653 | _aобществени отношения | ||
| 852 | _aЦб І 29084 | ||
| 856 | 4 |
_qpdf _u |
|
| 856 | 4 |
_qpdf _u |
|
| 942 |
_cKNG _n0 |
||
| 944 |
_aCR _c13.06.2004 _lф / _kЛюдмила_Стоянова |
||
| 944 |
_aED _c17.03.2009 _lф / _k |
||
| 999 |
_c57699 _d57699 |
||